000 00373nam a22001337a 4500
008 230313b |||||||| |||| 00| 0 eng d
020 _a0006366945.
050 _aDS481.G3 A17 1972
100 _aDuncan Ronald
_952223
245 _aThe writings of Gandhi,
_cRonald, Duncan
260 _aGreat Britain,
_bFontana,
_c1972.
300 _a288p;
_c20cm.
942 _2lcc
_cMONOGRAPH
999 _c131665
_d131665